Woman - Harry Styles (All Lyrics) - Statistics

General Stats
  • This quiz has been taken 40 times
  • The average score is 126 of 154
Answer Stats
Lyrics % Correct
woman
100%
I
96%
(la
96%
la
96%
la)
96%
a
93%
i'm
93%
but
89%
know
89%
selfish,
89%
can
85%
don't
85%
me
85%
me,
85%
never
85%
see
85%
see,
85%
you
85%
you,
85%
and
81%
be
81%
him
81%
hope
81%
wanna
81%
with
81%
ever
78%
just
78%
listen
78%
netflix
78%
on
78%
should
78%
should,
78%
skin
78%
the
78%
your
78%
he's
74%
in
74%
that
74%
touching
74%
we
74%
where
74%
while
74%
comedies
70%
find?
70%
making
70%
right
70%
search
70%
this
70%
told
70%
you're
70%
bleed
67%
i've
67%
like
67%
romantic
67%
shape
67%
then
67%
what
67%
apologies
63%
empty,
63%
fix
63%
are
59%
been
59%
gonna
59%
thing
59%
broken
56%
flower,
56%
beast
52%
feast
52%
stitch
52%
upon
52%
promises
48%
tempted,
48%
howls
37%
(hey)
19%
No matching quizzes found
Score Distribution
Percent of People with Each Score
Percentile by Number Answered
Your Score History
You have not taken this quiz